000
00300nam a22001097a 4500
008
241130b |||||||| |||| 00| 0 eng d
041
_a
Eng
245
_a
Competition Success Review
260
_a
New Delhi
_b
Competition Success Review (CSR)
_c
2024
856
_u
www.competitionreview.in
942
_c
SR
_s
1
999
_c
43148
_d
43148